|
|
|
|
| LEADER |
01379nam a22003017a 4500 |
| 001 |
38209 |
| 003 |
BD-DhAAL |
| 005 |
20230921124602.0 |
| 008 |
220323t20061991ii a|||| b||| 001 0 eng d |
| 020 |
|
|
|a 9780195630923
|
| 020 |
|
|
|a 0195630920
|
| 040 |
|
|
|a BD-DhAAL
|
| 082 |
|
|
|2 20
|a 291.0954
|
| 245 |
|
|
|a Religion in India /
|c edited by T. N. Madan.
|
| 260 |
|
|
|a Delhi ;
|a New York :
|b Oxford University Press,
|c 1991 [Tenth impression 2006].
|
| 300 |
|
|
|a xvii, 460 pages :
|b illustrations ;
|c 23 cm.
|
| 490 |
|
|
|a Oxford in India readings in sociology and social and cultural anthropology
|
| 504 |
|
|
|a Includes bibliographical references (p. [431]-448) and indexes.
|
| 520 |
|
|
|a Contributed research papers.
|
| 526 |
|
|
|a ESS
|
| 541 |
|
|
|a Donated by Akbar Ali Khan, Development book agency
|e 38209, 41751
|
| 651 |
|
|
|a India
|x Religion.
|9 47286
|
| 700 |
|
|
|a Madan, T. N.
|9 47287
|
| 852 |
|
|
|a Ayesha Abed Library
|c Akbar Ali Khan Collection
|
| 942 |
|
|
|2 ddc
|c BK
|
| 999 |
|
|
|c 43850
|d 43850
|
| 952 |
|
|
|0 0
|1 0
|2 ddc
|4 0
|6 291_095400000000000_REL
|7 1
|9 70237
|a BRACUL
|b BRACUL
|c AAKC
|d 2022-03-23
|e Donated by Akbar Ali Khan
|l 0
|o 291.0954 REL
|p 3010038209
|r 2022-03-23
|t 1
|w 2022-03-23
|y BK
|
| 952 |
|
|
|0 0
|1 0
|2 ddc
|4 0
|6 291_095400000000000_REL
|7 0
|9 74318
|a BRACUL
|b BRACUL
|c GEN
|d 2023-09-05
|e Development Book Agency
|g 1848.00
|l 1
|o 291.0954 REL
|p 3010041751
|r 2024-01-03
|s 2023-10-26
|t 1
|v 1848.00
|w 2023-09-05
|y BK
|